000 00887nam a2200217 a 4500
008 120416s1994 ||||||||||||||||| || u
020 _a0136060218
050 _aHB 615 Bun
100 _aBun, Chan Kwok
245 1 0 _aStepping out: the making of Chinese enterpreneurs
260 _aNew York
_bFT Prentice-Hall
_c1994
300 _axvi, 405p. : ill.
350 _a0.00
650 _aCHINA--EMIGRATION AND IMMIGRATION
650 _aENTREPRENEURSHIP - SINGAPORE
650 0 _aBUSINESS
650 _aBUSINESSMEN--SINGAPORE--BIOGRAPHY
650 _aSINGAPORE - EMIRATION AND IMMIGRATION
995 _aBINDERY (DAMAGED)
_D0.00
_e000047
_FCBU-MAIN LIBRARY (Kitwe)
_H1
_I16.95
_jHB 615 Bun
_UDAMAGED
_y000047
_ZMain Library Open Access Collection
995 _aBINDERY (DAMAGED)
_D0.00
_e727181
_FCBU-MAIN LIBRARY (Kitwe)
_H2
_I16.95
_jHB 615 Bun
_UDAMAGED
_y000097
_ZMain Library Open Access Collection
999 _c76824
_d76824